000
00293nam a22001337a 4500
008
171113b xxu||||| |||| 00| 0 eng d
020
_a
9780538441759
041
_a
eng
080
_2
5 ED
_a
336
100
_a
56
101
_a
FIN
245
_a
PERSONAL FINANCE
_c
JOAN.S.R
942
_2
udc
_c
BK
999
_c
38271
_d
38271